The physiology of tropical fishes

The book presents the fish diversity of the various tropical freshwatersheds, including rivers, lakes, and dams, as well as the tropical marine enviroments. Diversity is the organizational keynote at all levels of tropocal fish biology and ecology.

Guardado en:
Detalles Bibliográficos
Formato: Libro
Lenguaje:Undetermined
Publicado: Amsterdam, The Netherlands Elsevier 2006
Materias:
Etiquetas: Agregar Etiqueta
Sin Etiquetas, Sea el primero en etiquetar este registro!
Thư viện lưu trữ: Trung tâm Học liệu Trường Đại học Cần Thơ
LEADER 00914nam a2200229Ia 4500
001 CTU_98434
008 210402s9999 xx 000 0 und d
020 |c 67.46 
082 |a 571.17 
082 |b P578 
245 4 |a The physiology of tropical fishes 
245 0 |c Edited by Adalberto L. Val, Vera Maria F. de Almeida-Val, David J. Randall 
260 |a Amsterdam, The Netherlands 
260 |b Elsevier 
260 |c 2006 
520 |a The book presents the fish diversity of the various tropical freshwatersheds, including rivers, lakes, and dams, as well as the tropical marine enviroments. Diversity is the organizational keynote at all levels of tropocal fish biology and ecology. 
526 |a Sinh lý động vật thủy sản 
526 |b TS602 
650 |a Tropical fish,Aquaculture 
650 |x Physiology 
904 |i Minh 
980 |a Trung tâm Học liệu Trường Đại học Cần Thơ